مكتبة جامعة عجلون الوطنية

فهرس بحث المكتبة

Normal view MARC view
  • القانون الاداري -- الملك العام -- القرارات الادارية

Entry Topical Term

Number of records used in: 1

001 - CONTROL NUMBER

  • control field: 31217

003 - CONTROL NUMBER IDENTIFIER

  • control field: JO-AjAnu

005 - DATE AND TIME OF LATEST TRANSACTION

  • control field: 20230606075247.0

008 - FIXED-LENGTH DATA ELEMENTS

  • fixed length control field: 230606|| aca||aabn | a|a d

040 ## - CATALOGING SOURCE

  • Original cataloging agency: JO-AjAnu
  • Transcribing agency: JO-AjAnu

150 ## - HEADING--TOPICAL TERM

  • Topical term or geographic name entry element: القانون الاداري -- الملك العام -- القرارات الادارية

670 ## - SOURCE DATA FOUND

  • Source citation: Work cat.: (JO-AjAnu)16030: الذنيبات ، محمد جمال , author 31216, الوجيز في القانون الإداري : ماهية القانون الإداري ، القرار الإداري ، التنظيم الإداري ، العقود الإدارية ، النشاط الإداري ، الوظيفة العامة ، الأموال العامة